000 00956cfm a22002175a 4500
001 L140495
008 070925s1806 xxk a 0 h eng u
035 _a(Sirsi) u140495
041 0 _aeng
100 1 _aPechon, Major I.
245 0 0 _aPlan of Orange Vale Estate
_bin the Parish of St George in the Island of Jamaica the property of Alexander Donaldson Esquire 1806
_h[cartographic material]
255 _aScale 1:5820
260 _c1806
300 _a1 ms. map
_bcol., rolled
_c71 x 124 cm.
500 _aManuscript map with hand colouring.
500 _aMap signed by Major I. Pechon, Island Asst. Engineer, Kingston, Jamaica and dated 1 May 1806.
500 _aInsets include references to land utilisation; the position of the Estate in relation to others; the Orange Vale Pen House and the Orange Vale Works.
651 4 _aJamaica
690 _aENVIRONMENTAL AND LAND CONSULTANCY-GEOMATICS-MAPPING AND POSITIONING-CARTOGRAPHY
942 _n0
999 _c116893
_d116893